Dog Breeds - Sudden Death - Statistics

General Stats
  • This quiz has been taken 1,028 times
  • The average score is 11 of 15
Answers on the Grid
Answers color-coded by a green-red scale on the quiz's grid according to % correct below.
Beagle
Bichon Frisé
Bloodhound
Chihuahua
Chow Chow
Boxer
Border Terrier
Bull Terrier
Dachshund
Poodle
Pug
Rottweiler
Golden Retriever
Alaskan Malamute
Shih Tzu
Lassie
Marron Glacé
Sherbet
Flanby
Schlechter Witz
Karakoram
Mustang
Appaloosa
Cob
Maine Coon
Ragdoll
Siamese dog
Holstein Friesian
Puppy
Hot Dog
Lap Dog
Baskervilles
 
Answer Stats
Answer % Correct
Golden Retriever
81%
Rottweiler
81%
Beagle
80%
Chihuahua
78%
Poodle
78%
Pug
78%
Shih Tzu
77%
Boxer
76%
Dachshund
76%
Bull Terrier
74%
Bloodhound
72%
Chow Chow
72%
Border Terrier
67%
Alaskan Malamute
65%
Bichon Frisé
62%
No matching quizzes found
Score Distribution
Percent of People with Each Score
Percentile by Number Answered
Your Score History
You have not taken this quiz